000 00272nam a2200097Ia 4500
082 _aST 620.11 VANR
245 0 _aEngineering Science N4
100 _a Van Rensburg, M JJ ** South Africa, c.2013 ** *
_948613
942 _cBK
008 210817s9999 xx 000 0 und d
999 _c359734
_d359733